[Event "It (open)"]
[Site "Stockholm (Sweden)"]
[Round "0"]
[White "Ornstein Axel (SWE)"]
[Black "Rygaard Michael (SWE)"]
[Result "1-0"]
[WhiteElo "2440"]
[BlackElo "2238"]

1.Nf3 Nf6 2.c4 g6 3.g3 c6 4.d4 d5 5.cxd5 cxd5 6.Nc3 Bg7 7.Bg2 O-O 8.O-O Nc6
9.Ne5 Nxe5 10.dxe5 Ne4 11.Nxd5 Nc5 12.Bg5 f6 13.exf6 exf6 14.Be3 Ne6 15.Qb3
Rf7 16.Rfd1 Qf8 17.Rac1 Kh8 18.Nf4 Nxf4 19.Bxf4 Qe8 20.Rd8 Qxd8 21.Qxf7 Qf8
22.Rc7 g5 23.Be3 Qxf7 24.Rxf7 Be6 25.Rxb7 Rd8 26.h4 gxh4 27.Rxa7 h3 28.Bf3 f5
29.b3 Bd4 30.Ra8 {#r} 1-0

[Event "Ch Turkey"]
[Site "Turkey"]
[Round "7"]
[White "Olcayoz Alper (TUR)"]
[Black "Bayram Yakup (TUR)"]
[Result "0-1"]
[WhiteElo "2297"]
[BlackElo "2281"]

1.d4 Nf6 2.Nf3 g6 3.g3 Bg7 4.Bg2 O-O 5.O-O c6 6.c4 d5 7.cxd5 cxd5 8.Ne5 Ng4
9.Nxg4 Bxg4 10.Nc3 Nc6 11.h3 Bd7 12.Nxd5 Bxh3 13.Bxh3 Qxd5 14.e3 h5 15.Bg2 Qd7
16.Bd2 Rac8 17.Rc1 e5 18.d5 Ne7 19.e4 Rxc1 20.Qxc1 h4 21.Qd1 hxg3 22.fxg3 Nc8
23.Qb3 Nd6 24.Kh2 b6 25.Qd3 Kh7 26.Bf3 Rh8 27.Kg2 Kg8 28.g4 Qe7 29.g5 Qd7
30.Rh1 Rxh1 31.Kxh1 Qh3+ 32.Kg1 Bf8 33.Qe2 Nc4 34.Bc1 Bc5+ {#R} 0-1

[Event "It (open)"]
[Site "Badenweiler (Germany)"]
[Round "2"]
[White "Schulze Eberhard (GER)"]
[Black "Radecke Peter (GER)"]
[Result "1-0"]
[WhiteElo "2210"]
[BlackElo "2102"]

1.Nf3 g6 2.g3 Bg7 3.d4 Nf6 4.Bg2 O-O 5.O-O d5 6.c4 c6 7.cxd5 cxd5 8.Nc3 Bf5
9.Qb3 b6 10.Ne5 Be6 11.Be3 a6 12.h3 Re8 13.Rac1 Ra7 14.Rfd1 b5 15.Bg5 Qd6
16.Bf4 Qd8 17.Kh2 h6 18.e4 Nxe4 19.Nxe4 dxe4 20.d5 Bc8 21.Nxf7 Kxf7 22.Bxb8
Rb7 23.Bf4 g5 24.Be3 Bf5 25.Qc2 Qd7 26.b3 Be5 27.Bxe4 Bxh3 28.Bg6+ {#r} 1-0

[Event "Ch Germany (juniors) (team)"]
[Site "Binz (Germany)"]
[Round "3"]
[White "Gross David (GER)"]
[Black "Roeber Bjoern (GER)"]
[Result "1-0"]
[WhiteElo "2453"]
[BlackElo "2312"]

1.d4 Nf6 2.Nf3 g6 3.g3 d5 4.c4 Bg7 5.Bg2 O-O 6.O-O c6 7.cxd5 cxd5 8.Nc3 Bf5
9.Qb3 Bc8 10.Bg5 e6 11.e4 dxe4 12.Nxe4 Nbd7 13.Ne5 Qa5 14.Nd6 Nxe5 15.dxe5
Qxe5 16.Bf4 Qa5 17.Nxb7 Bxb7 18.Bxb7 Rad8 19.Rfd1 e5 20.Be3 Ng4 21.Bg5 Rb8
22.Be7 Rfe8 23.Rd7 e4 24.Bb4 Qf5 25.Rxf7 Qxf7 26.Bd5 Ne5 27.Bxf7+ Nxf7 28.Qa4
Bxb2 29.Rd1 e3 30.fxe3 Re4 31.a3 Rb7 32.Qc6 {#r} 1-0

[Event "Ch Spain (team)"]
[Site "Cala Galdana (Spain)"]
[Round "4"]
[White "Cuevas-Rodriguez Ma Luisa (ESP)"]
[Black "Palacios Perez Manuel (ESP)"]
[Result "1-0"]
[WhiteElo "2185"]
[BlackElo "2192"]

1.d4 Nf6 2.c4 g6 3.Nf3 c6 4.g3 Bg7 5.Bg2 O-O 6.O-O d5 7.cxd5 cxd5 8.Ne5 e6
9.Nc3 Nfd7 10.f4 Nb6 11.b3 Nc6 12.Nxc6 bxc6 13.Ba3 Re8 14.e3 a5 15.Bc5 Nd7
16.Na4 Ba6 17.Rf2 Bb5 18.Rc1 Qb8 19.Rfc2 f5 20.Rc3 Bf6 21.Qc2 Bd8 22.Ba3 Nf6
23.Rxc6 Bxc6 24.Qxc6 Be7 25.Qxe6+ Kg7 26.Bxe7 Ng8 27.Qxd5 {#r} 1-0

[Event "It (open)"]
[Site "Ceske Budejovice (Czech Republic)"]
[Round "0"]
[White "Sisak Richard (CZE)"]
[Black "Rehorek Martin (CZE)"]
[Result "0-1"]
[WhiteElo "2044"]
[BlackElo "2311"]

1.d4 Nf6 2.c4 g6 3.g3 c6 4.Bg2 d5 5.cxd5 cxd5 6.Nf3 Bg7 7.O-O O-O 8.Nc3 Ne4
9.Qb3 Nxc3 10.bxc3 Nc6 11.Nd2 e6 12.a4 b6 13.Ba3 Re8 14.e4 Na5 15.Qa2 Bb7
16.Rfe1 Rc8 17.Rac1 dxe4 18.Bxe4 Bxe4 19.Rxe4 Qd7 20.Bb2 e5 21.d5 f5 22.Re2 e4
23.c4 Bxb2 24.Qxb2 Qxa4 25.Qd4 Qa3 26.Rc3 Qd6 27.f3 exf3 28.Rxe8+ Rxe8 29.c5
bxc5 30.Rxc5 Qb6 31.Kf1 Nb3 32.Nxb3 Qxb3 33.Rc7 Qb1+ 34.Kf2 Re2+ {#R} 0-1

[Event "Ch World (corr.)"]
[Site "corr."]
[Round "0"]
[White "Lauritsen Niels (DEN)"]
[Black "Sommerbauer Norbert (AUT)"]
[Result "1-0"]
[WhiteElo "2216"]
[BlackElo "2414"]

1.d4 Nf6 2.Nf3 g6 3.c4 Bg7 4.g3 O-O 5.Bg2 c6 6.O-O d5 7.cxd5 cxd5 8.Nc3 Ne4
9.Nxe4 dxe4 10.Ne5 Nd7 11.Nxd7 Bxd7 12.Bxe4 Bh3 13.Bxb7 Rb8 14.Bg2 Bxg2
15.Kxg2 Qxd4 16.Qxd4 Bxd4 17.Rb1 Rfd8 18.Rd1 f6 19.Kf3 Kf7 20.e3 Be5 21.Rxd8
Rxd8 22.Ke2 Rc8 23.Bd2 Rc6 24.f4 Bd6 25.Bc3 f5 26.Kd3 Ke6 27.a4 Kd5 28.b4 Rc7
29.b5 Bc5 30.Rb3 h6 31.Be5 Rb7 32.Rc3 a6 33.bxa6 Rb4 34.a5 {#r} 1-0

[Event "Ch France (team)"]
[Site "France"]
[Round "3"]
[White "Collin Denis (FRA)"]
[Black "Delebarre Xavier (FRA)"]
[Result "0-1"]
[WhiteElo "2284"]
[BlackElo "2318"]

1.d4 Nf6 2.Nf3 g6 3.c4 Bg7 4.g3 O-O 5.Bg2 c6 6.Nc3 d5 7.cxd5 cxd5 8.Ne5 Nc6
9.O-O Bf5 10.Nxc6 bxc6 11.Na4 Re8 12.Bf4 Nd7 13.Rc1 Rc8 14.Qd2 Nb6 15.Nc5 Nc4
16.Qc3 e5 17.dxe5 Nxe5 18.b3 {#R} 0-1

[Event "Oberliga East 1993/94"]
[Site "Germany"]
[Round "0"]
[White "Grabarczyk Miroslaw (POL)"]
[Black "Maedler Juergen Dr (GER)"]
[Result "1-0"]
[WhiteElo "2435"]
[BlackElo "2241"]

1.d4 Nf6 2.c4 g6 3.Nf3 Bg7 4.g3 O-O 5.Bg2 c6 6.O-O d5 7.cxd5 cxd5 8.Nc3 Ne4
9.Nxe4 dxe4 10.Ne5 Qd5 11.b3 Nc6 12.Bb2 Rd8 13.Nxc6 bxc6 14.Qc2 f5 15.Rad1 a5
16.f3 exf3 17.Bxf3 Qe6 18.Qxc6 Qe3+ 19.Kg2 Ba6 20.Bc1 {#r} 1-0

[Event "Oberliga Northwest 1994/95"]
[Site "Germany"]
[Round "0"]
[White "Sadewasser Axel (GER)"]
[Black "Westphal Matthias (GER)"]
[Result "0-1"]
[WhiteElo "2216"]
[BlackElo "2233"]

1.c4 c6 2.Nf3 d5 3.g3 g6 4.Bg2 Bg7 5.cxd5 cxd5 6.d4 Nf6 7.O-O O-O 8.Nc3 e6
9.Ne5 Nfd7 10.f4 Nxe5 11.fxe5 Nc6 12.h4 f6 13.exf6 Bxf6 14.e3 Qd6 15.Rf4 Bd7
16.Bd2 Bg7 17.Qe2 Rxf4 18.gxf4 Ne7 19.Be1 Nf5 20.Bf2 Bf6 21.h5 gxh5 22.Qxh5
Kh8 23.Kh2 Rg8 24.Rh1 Be8 25.Qh3 Bg6 26.Qf3 Nh4 27.Bxh4 Bxh4 28.Rg1 Qb4 29.Qe2
Bg3+ 30.Kh1 Qe7 31.Bf3 Qh4+ 32.Kg2 Bd3 {#R} 0-1

[Event "It (open)"]
[Site "Graz (Austria)"]
[Round "9"]
[White "Steinert Martin (AUT)"]
[Black "Pfaffel Thomas (AUT)"]
[Result "1-0"]
[WhiteElo "2075"]
[BlackElo "2199"]

1.Nf3 c5 2.g3 Nc6 3.Bg2 g6 4.c3 Bg7 5.d4 cxd4 6.cxd4 d5 7.Nc3 Nf6 8.O-O O-O
9.Ne5 Nxe5 10.dxe5 Ng4 11.f4 e6 12.e3 h5 13.Nb5 Qb6 14.Nd4 Bd7 15.h3 Nh6
16.Rf2 Rfc8 17.a3 Rc7 18.Bd2 Bf8 19.g4 hxg4 20.hxg4 Rac8 21.Bf1 Kg7 22.Bc3
Rxc3 23.bxc3 Rxc3 24.Rb1 Qc7 25.g5 Nf5 26.Nxf5+ exf5 27.Qd4 Be6 28.Rxb7 Qc6
29.Rxa7 Rxe3 30.Qxe3 Bc5 31.Ra6 Qc7 32.Qd2 Bc8 33.Rd6 Bb7 34.Bg2 {#r} 1-0

[Event "It (open)"]
[Site "Groningen (Netherlands)"]
[Round "1"]
[White "Krallmann Matthias (GER)"]
[Black "Tseitlin Mark D (ISR)"]
[Result "0-1"]
[WhiteElo "2275"]
[BlackElo "2465"]

1.d4 Nf6 2.c4 g6 3.g3 c6 4.Bg2 d5 5.cxd5 cxd5 6.Nf3 Bg7 7.O-O O-O 8.Ne5 Ng4
9.Nxg4 Bxg4 10.Nc3 Nc6 11.h3 Bd7 12.e3 e6 13.b3 Rc8 14.Qd2 e5 15.dxe5 Nxe5
16.Bb2 Bxh3 17.Qxd5 Bxg2 18.Qxg2 Nd3 19.Rfd1 Bxc3 20.Bxc3 Rxc3 21.Qf1 Qf6 {#R}
0-1

[Event "Ch Reinland"]
[Site "Kettig (Germany)"]
[Round "0"]
[White "Kaster Martin (GER)"]
[Black "Schwab Thomas (GER)"]
[Result "1-0"]
[WhiteElo "2103"]
[BlackElo "2095"]

1.d4 Nf6 2.Nf3 g6 3.c4 Bg7 4.g3 c6 5.Bg2 d5 6.cxd5 cxd5 7.O-O O-O 8.Nc3 Ne4
9.Qb3 Nc6 10.e3 Na5 11.Qd1 Nxc3 12.bxc3 Bf5 13.Nh4 Be6 14.f4 Qd7 15.f5 Bxf5
16.Nxf5 gxf5 17.Qh5 e6 18.g4 fxg4 19.e4 f5 20.exd5 exd5 21.h3 g3 22.Qf3 Rad8
23.Bg5 Bf6 24.Qxg3 Kh8 25.Bxf6+ Rxf6 26.Qe5 Qf7 27.Rxf5 Kg7 28.Raf1 Rd6
29.Rxf6 Rxf6 30.Bxd5 Qg6+ 31.Kh1 Qh6 32.Qe7+ {#r} 1-0

[Event "Ch Yugoslavia (open)"]
[Site "Kladovo (Yugoslavia)"]
[Round "3"]
[White "Brkljaca Ante (SRB)"]
[Black "Pavlovic Dragoljub (SRB)"]
[Result "1-0"]
[WhiteElo "2319"]
[BlackElo "2264"]

1.Nf3 Nf6 2.g3 g6 3.Bg2 Bg7 4.O-O O-O 5.c4 c6 6.Nc3 d5 7.cxd5 cxd5 8.d4 Nc6
9.Ne5 e6 10.f4 Nd7 11.Kh1 Nb6 12.b3 Bd7 13.Ba3 Re8 14.e4 dxe4 15.Nxe4 Nd5
16.Qd2 Nxe5 17.fxe5 Bc6 18.Qf2 Qd7 19.Rac1 Bb5 20.Rfd1 Rac8 21.Nd6 Rxc1
22.Rxc1 Bf8 23.Bxd5 Bxd6 24.Bxd6 exd5 25.Rc7 Qe6 26.Rxb7 {#r} 1-0

[Event "Ch Yugoslavia (open)"]
[Site "Kladovo (Yugoslavia)"]
[Round "9"]
[White "Radosavljevic Slobodan (SRB)"]
[Black "Marinkovic Slavisa (SRB)"]
[Result "0-1"]
[WhiteElo "2248"]
[BlackElo "2414"]

1.g3 d5 2.Bg2 Nf6 3.c4 c6 4.Nf3 g6 5.cxd5 cxd5 6.d4 Bg7 7.Nc3 O-O 8.O-O Ne4
9.e3 Nxc3 10.bxc3 Nc6 11.Nd2 Be6 12.Rb1 Na5 13.Qa4 a6 14.Qb4 Rc8 15.a4 Bf5
16.Ra1 b6 17.Ba3 Re8 18.Rfc1 Bd3 19.Bf1 Bxf1 20.Kxf1 e6 21.Rcb1 Rc6 22.Qb2 Qc7
23.Bb4 Nb7 24.Rc1 Rc8 25.Nb1 a5 26.Ba3 Bf6 {#R} 0-1

[Event "It (open) \"]
[Site "Long Beach (USA)"]
[Round "0"]
[White "Adelman Charles D (USA)"]
[Black "Ibanez Fernando (ARG)"]
[Result "1-0"]
[WhiteElo "2220"]
[BlackElo "2101"]

1.c4 Nf6 2.Nc3 g6 3.g3 Bg7 4.Bg2 O-O 5.Nf3 c6 6.O-O d5 7.cxd5 cxd5 8.d4 Nc6
9.Bf4 Nh5 10.Be3 b6 11.Nxd5 Bb7 12.Nc3 Qd7 13.Qd2 Rad8 14.Rfd1 e5 15.dxe5 Qf5
16.Qe1 Nxe5 17.Nxe5 Bxg2 18.Nxg6 hxg6 19.Kxg2 Rde8 20.Rd3 Kh7 21.Qd2 Rh8
22.Rd5 Qc8 23.Rd1 Nf6 24.Rd3 Kg8 25.Rh1 Qh3+ 26.Kg1 Ng4 27.Rd8 Rxd8 28.Qxd8+
Bf8 29.Bd4 {#r} 1-0

[Event "It (open)"]
[Site "Portoroz (Slovenia)"]
[Round "0"]
[White "Burmakin Vladimir (RUS)"]
[Black "Ivacic Vladimir (SLO)"]
[Result "1-0"]
[WhiteElo "2555"]
[BlackElo "2305"]

1.d4 Nf6 2.Nf3 g6 3.g3 Bg7 4.Bg2 O-O 5.O-O d5 6.c4 c6 7.cxd5 cxd5 8.Nc3 Ne4
9.Nxe4 dxe4 10.Ne5 Qd5 11.Be3 f6 12.Nd3 f5 13.Nb4 Qd6 14.Qb3+ Kh8 15.Rfd1 Na6
16.Nc2 e6 17.f3 exf3 18.Bxf3 Qe7 19.Rac1 Rd8 20.Bf4 Nc7 21.Ne3 Ne8 22.Be5 g5
23.Nc4 Nf6 24.Qa3 Qxa3 25.bxa3 Nd5 26.Nd6 Kg8 27.Bxd5 exd5 28.Rc7 Bf8 29.Nxc8
Rdxc8 30.Rxb7 Rc2 31.Rf1 Rxe2 32.Rxf5 h6 33.Rf6 {#r} 1-0

[Event "Ch Moravia (open)"]
[Site "Prerov (Czech Republic)"]
[Round "0"]
[White "Mayer Josef (CZE)"]
[Black "Oplustil V (CZE)"]
[Result "0-1"]
[WhiteElo "2102"]
[BlackElo "1895"]

1.c4 Nf6 2.Nc3 g6 3.g3 Bg7 4.Bg2 O-O 5.Nf3 c6 6.d4 d5 7.cxd5 cxd5 8.Ne5 e6
9.O-O Nc6 10.Nxc6 bxc6 11.Na4 Nd7 12.Be3 Rb8 13.Rc1 Ba6 14.Qd2 Qe7 15.Nc5 Nxc5
16.Rxc5 Rxb2 17.Qxb2 Qxc5 18.Rc1 Qb5 19.Qc2 Rc8 20.Bf1 Bf8 21.Rb1 Qc4 22.Qd2
Bb5 23.Bg5 Qa4 24.Bh3 c5 25.Qb2 a6 26.dxc5 Bg7 27.Qd2 Rxc5 28.Rb3 Qc4 29.Rb4
Qc3 30.a4 Qa1+ 31.Kg2 Bc3 32.Qf4 Be5 33.Qh4 Bxe2 {#R} 0-1

[Event "Ch Moravia (open)"]
[Site "Prerov (Czech Republic)"]
[Round "0"]
[White "Sekanina Jiri (CZE)"]
[Black "Sochor Stanislav (CZE)"]
[Result "1-0"]
[WhiteElo "2146"]
[BlackElo "2092"]

1.Nf3 d5 2.g3 Nf6 3.Bg2 g6 4.O-O Bg7 5.c4 c6 6.cxd5 cxd5 7.d4 O-O 8.Nc3 Nc6
9.Ne5 Nxe5 10.dxe5 Nd7 11.Nxd5 Nxe5 12.Bg5 Nc6 13.Rc1 f6 14.Be3 e6 15.Nc3 Bd7
16.Na4 Rb8 17.Nc5 Rf7 18.Bf4 Ne5 19.Nxb7 Qb6 20.Nd6 Re7 21.b3 Qa6 22.a4 Rd8
23.Nb7 Rb8 24.Nc5 Qc8 25.Nxe6 Bxe6 26.Rxc8+ {#r} 1-0

[Event "It (open)"]
[Site "Quebec (Canada)"]
[Round "5"]
[White "Wenaas Eric (CAN)"]
[Black "Prahov Valentin (BUL)"]
[Result "0-1"]
[WhiteElo "2156"]
[BlackElo "2224"]

1.Nf3 Nf6 2.g3 g6 3.Bg2 Bg7 4.d4 d5 5.O-O O-O 6.c4 c6 7.cxd5 cxd5 8.Nc3 Nc6
9.Ne5 e6 10.Bf4 Nh5 11.Nxc6 bxc6 12.Na4 Nxf4 13.gxf4 a5 14.Rc1 Qd6 15.e3 Ba6
16.Re1 Bb5 17.Nc5 a4 18.Qd2 Bf6 19.Rc2 g5 20.fxg5 Bxg5 21.f4 Bh4 22.Rec1 Kh8
23.Nd3 Rg8 24.Ne5 Rg7 25.Kh1 Rag8 26.Bf3 Bd8 27.Nxc6 Bxc6 28.Rxc6 Qxc6 {#R}
0-1

[Event "It (open)"]
[Site "Stockholm (Sweden)"]
[Round "0"]
[White "Winther Mats (SWE)"]
[Black "Ohlzon Nils-Johan (SWE)"]
[Result "0-1"]
[WhiteElo "2054"]
[BlackElo "2158"]

1.Nf3 Nf6 2.c4 c6 3.g3 d5 4.Bg2 g6 5.cxd5 cxd5 6.d4 Bg7 7.Nc3 O-O 8.O-O Nc6
9.Ne5 e6 10.f4 Nd7 11.e3 f6 12.Nd3 Rf7 13.a4 Nb6 14.b3 a5 15.Ba3 Bf8 16.Nc5
Nb8 17.Rc1 Na6 18.Nb5 Nc7 19.Nc3 Na6 20.e4 dxe4 21.Bxe4 Nd5 22.Nxd5 exd5
23.Bg2 b6 24.Nxa6 Bxa3 25.Nc7 Bxc1 26.Nxa8 Ba3 27.Qc2 Bb7 28.f5 g5 {#R} 0-1

[Event "Ch World (juniors) (under 14)"]
[Site "Szeged (Hungary)"]
[Round "0"]
[White "Johannessen Leif Erlend (NOR)"]
[Black "Senff Martin (GER)"]
[Result "1-0"]
[WhiteElo "2499"]
[BlackElo "2469"]

1.d4 Nf6 2.c4 g6 3.Nf3 Bg7 4.g3 O-O 5.Bg2 c6 6.O-O d5 7.cxd5 cxd5 8.Nc3 Ne4
9.Qc2 Bf5 10.Qb3 Nxc3 11.bxc3 Bc8 12.Ba3 Re8 13.e4 e6 14.Nd2 Nc6 15.exd5 Na5
16.Qa4 exd5 17.Bxd5 Bd7 18.Qd1 Bb5 19.c4 Bxd4 20.Qf3 Qf6 21.Qxf6 Bxf6 22.cxb5
Bxa1 23.Rxa1 Rad8 24.Ne4 {#r} 1-0

[Event "Ch World (juniors) (under 16)"]
[Site "Szeged (Hungary)"]
[Round "0"]
[White "Leer-Salvesen Bjarte (NOR)"]
[Black "Leskiewicz Maksymilian (AUS)"]
[Result "0-1"]
[WhiteElo "2380"]
[BlackElo "2324"]

1.c4 Nf6 2.Nc3 g6 3.g3 Bg7 4.Bg2 O-O 5.Nf3 c6 6.O-O d5 7.cxd5 cxd5 8.d4 Nc6
9.Ne5 Be6 10.Bf4 Rc8 11.Rc1 Re8 12.Re1 Nd7 13.Nxc6 bxc6 14.Na4 Qa5 15.e3 h6
16.g4 c5 17.dxc5 Nxc5 18.Nxc5 Rxc5 19.Bf1 Qb6 20.Qa4 Rec8 21.Rxc5 Qxc5 22.b4
Qc3 23.Rd1 Bxg4 24.Rxd5 Qe1 25.Kg2 Bh3+ 26.Kxh3 Qxf1+ 27.Kg3 Qg1+ 28.Kh3 Qxf2
29.Bg3 Qf1+ 30.Kh4 {#R} 0-1

[Event "It (open) \"]
[Site "Toronto (Canada)"]
[Round "4"]
[White "Mihaljevic Josip (CAN)"]
[Black "Mitrovic Milan (CAN)"]
[Result "0-1"]
[WhiteElo "2270"]
[BlackElo "1976"]

1.d4 g6 2.Nf3 Bg7 3.g3 d5 4.Bg2 Nf6 5.O-O O-O 6.c4 c6 7.cxd5 cxd5 8.Nc3 Nc6
9.Bf4 Bf5 10.Ne5 Rc8 11.Nxc6 Rxc6 12.Be5 Ne4 13.Bxg7 Kxg7 14.Nxe4 Bxe4 15.Bxe4
dxe4 16.d5 Rb6 17.Qd4+ Kg8 18.Rfd1 Qd6 19.b3 f5 20.Rac1 a6 21.e3 Rd8 22.Rc5
Kf7 23.b4 Qf6 {#R} 0-1

[Event "Ch Queensland"]
[Site "Brisbane (Australia)"]
[Round "3"]
[White "Stephson David (AUS)"]
[Black "Corner Michael J (AUS)"]
[Result "1-0"]
[WhiteElo "2201"]
[BlackElo "2080"]

1.d4 Nf6 2.Nf3 g6 3.g3 Bg7 4.Bg2 O-O 5.O-O d5 6.c4 c6 7.cxd5 cxd5 8.Ne5 Nbd7
9.Nxd7 Bxd7 10.Nc3 Bc6 11.Bf4 Qd7 12.Be5 Ne4 13.Bxe4 dxe4 14.Bxg7 Kxg7 15.d5
Bb5 16.Qd4+ Kg8 17.Qxe4 Ba6 18.Rfe1 Rac8 19.Rad1 Rc4 20.Rd4 Rfc8 21.Red1 b5
22.a3 Bb7 23.Rxc4 Rxc4 24.Rd4 Rc8 25.Qe5 a5 26.f3 Ba6 27.Kg2 Qb7 28.Qf4 Rb8
29.Qh6 e5 30.dxe6 fxe6 31.Ne4 b4 {#r} 1-0

[Event "It (open)"]
[Site "Cappelle la Grande (France)"]
[Round "5"]
[White "Vul Arkadi Eremeevich (RUS)"]
[Black "Mendeiros Jerome (FRA)"]
[Result "1-0"]
[WhiteElo "2405"]
[BlackElo "2189"]

1.Nf3 Nf6 2.c4 g6 3.g3 Bg7 4.Bg2 O-O 5.d4 c6 6.O-O d5 7.cxd5 cxd5 8.Ne5 Nc6
9.Nc3 e6 10.Nxc6 bxc6 11.Na4 Nd7 12.Bf4 Qe7 13.Rc1 Bb7 14.e4 Rfc8 15.Re1 Qb4
16.Be3 Nf6 17.Nc5 dxe4 18.Qb3 Qxb3 19.axb3 Rc7 20.Bf4 Rd7 21.Nxd7 Nxd7 22.Bxe4
Rc8 23.Be3 e5 24.dxe5 Nxe5 25.Red1 {#r} 1-0

[Event "Czech League 1994/95 (1st)"]
[Site "Czech Republic"]
[Round "6"]
[White "Marsalek Zdenek (CZE)"]
[Black "Pesout Jan (CZE)"]
[Result "1-0"]
[WhiteElo "2257"]
[BlackElo "2249"]

1.d4 Nf6 2.Nf3 g6 3.g3 Bg7 4.Bg2 O-O 5.O-O d5 6.c4 c6 7.cxd5 cxd5 8.Qb3 Nc6
9.Nc3 e6 10.Rd1 b6 11.Bg5 h6 12.Bxf6 Bxf6 13.e4 dxe4 14.Nxe4 Bb7 15.Ne5 Na5
16.Qb5 Bxe4 17.Bxe4 Bxe5 18.dxe5 Qe8 19.Qa6 Rd8 20.Rd6 Qa4 21.Qd3 Rxd6 22.exd6
Qc4 23.Qe3 Rd8 24.Rc1 Qb5 25.Qxh6 Qxb2 26.Bxg6 Qg7 27.Bxf7+ Kf8 28.Qh4 {#r}
1-0

[Event "Czech League 1995/96 (1st)"]
[Site "Czech Republic"]
[Round "2"]
[White "Hora Milan (CZE)"]
[Black "Mittelbach Zdenek (CZE)"]
[Result "1-0"]
[WhiteElo "2103"]
[BlackElo "1976"]

1.d4 d5 2.Nf3 Nf6 3.c4 c6 4.cxd5 cxd5 5.Nc3 g6 6.g3 Bg7 7.Bg2 O-O 8.O-O Nc6
9.Ne5 e6 10.Nxc6 bxc6 11.Na4 Nd7 12.Be3 Qa5 13.Rc1 Ba6 14.a3 Bxe2 15.Qxe2 Qxa4
16.Qc2 Qxc2 17.Rxc2 Rfb8 18.Rfc1 Rb3 19.Rxc6 Nb6 20.R1c2 Nc4 21.R6xc4 {#r} 1-0

[Event "Cup Eger"]
[Site "Eger (Hungary)"]
[Round "0"]
[White "Seres Lajos (HUN)"]
[Black "Hevesi Zoltan (HUN)"]
[Result "1-0"]
[WhiteElo "2435"]
[BlackElo "2074"]

1.Nf3 Nf6 2.d4 g6 3.c4 Bg7 4.g3 c6 5.Bg2 d5 6.cxd5 cxd5 7.Ne5 O-O 8.Nc3 Nc6
9.O-O Bf5 10.Nxc6 bxc6 11.Na4 Ne4 12.Bf4 Re8 13.Rc1 Rc8 14.b3 e5 15.Bxe5 Bxe5
16.dxe5 Rxe5 17.e3 Re7 18.Qd4 Ng5 19.h4 Ne4 20.Rfd1 Rec7 21.Nc5 Qe7 22.Bf3 h5
23.Be2 Qf6 24.Nxe4 Qxd4 25.Rxd4 Bxe4 26.Rc5 Kg7 27.Rd1 {#r} 1-0

[Event "Oberliga North 1994/95"]
[Site "Germany"]
[Round "0"]
[White "Junge Kai (GER)"]
[Black "Sommerfeld Armin (GER)"]
[Result "0-1"]
[WhiteElo "2235"]
[BlackElo "2224"]

1.Nf3 c5 2.g3 Nc6 3.Bg2 g6 4.O-O Bg7 5.c3 Nf6 6.d4 cxd4 7.cxd4 d5 8.Nc3 O-O
9.Ne5 e6 10.Nxc6 bxc6 11.Na4 Ne4 12.b3 c5 13.Ba3 cxd4 14.Bxf8 Qxf8 15.Qd3 Bb7
16.Qb5 Qe7 17.Bxe4 dxe4 18.Rac1 Bd5 19.Rc5 Bh6 20.Rd1 d3 21.exd3 e3 22.f4 Bxf4
23.Nc3 e2 24.gxf4 exd1=Q+ 25.Nxd1 Qh4 26.Nf2 Qxf4 27.Qd7 Qg5+ 28.Kf1 Bg2+ {#R}
0-1

[Event "Oberliga NRW 1994/95"]
[Site "Germany"]
[Round "0"]
[White "Homann Stefan (GER)"]
[Black "Stillger Bernhard (GER)"]
[Result "0-1"]
[WhiteElo "2272"]
[BlackElo "2285"]

1.d4 Nf6 2.Nf3 g6 3.g3 Bg7 4.Bg2 O-O 5.O-O d5 6.c4 c6 7.cxd5 cxd5 8.Ne5 e6
9.Nc3 Nfd7 10.f4 f6 11.Nd3 Nc6 12.Be3 Nb6 13.Bf2 f5 14.Ne5 Nxe5 15.dxe5 Bd7
16.a4 Bc6 17.Qd4 Rf7 18.Rfd1 Bf8 19.e4 Rd7 20.exf5 gxf5 21.b4 Rc7 22.a5 Nc8
23.g4 Ne7 24.h3 Be8 25.Bh4 Rac8 26.Ne2 Bg6 27.Qxa7 Qe8 28.Nd4 Nc6 29.Nxc6 Qxc6
30.a6 b6 {#R} 0-1

[Event "Oberliga NRW 1994/95"]
[Site "Germany"]
[Round "0"]
[White "Winkeler Uwe (GER)"]
[Black "Glettenberg Joerg (GER)"]
[Result "1-0"]
[WhiteElo "2244"]
[BlackElo "2155"]

1.d4 d5 2.Nf3 c6 3.g3 Nf6 4.Bg2 g6 5.c4 Bg7 6.Nc3 O-O 7.cxd5 cxd5 8.Ne5 Nc6
9.Nxc6 bxc6 10.O-O Bf5 11.Na4 Re8 12.b3 e5 13.dxe5 Rxe5 14.Bb2 Re8 15.Rc1 Qd6
16.e3 Rac8 17.Bd4 Qe7 18.Nc5 h5 19.h3 Rc7 20.Qd2 Ne4 21.Nxe4 Bxe4 22.Bxg7 Kxg7
23.Qd4+ Kh7 24.Rc5 Bxg2 25.Kxg2 Qd7 26.Rd1 f5 27.Qc3 Re7 28.Rd4 Re6 29.Rdxd5
Qc8 30.Rd4 {#r} 1-0

[Event "It (open)"]
[Site "Hamburg (Germany)"]
[Round "8"]
[White "Teske Henrik (GER)"]
[Black "Glek Igor V (GER)"]
[Result "0-1"]
[WhiteElo "2500"]
[BlackElo "2580"]

1.d4 Nf6 2.c4 g6 3.g3 c6 4.Bg2 d5 5.cxd5 cxd5 6.Nf3 Bg7 7.Nc3 O-O 8.O-O Nc6
9.Ne5 e6 10.f4 Bd7 11.Be3 Ne7 12.g4 Nc8 13.g5 Ne8 14.Qb3 Ned6 15.Bf2 Nb6
16.Rac1 Rc8 17.Rc2 Re8 18.Rfc1 Bc6 19.h4 Nbc4 20.a3 h5 21.Qa2 Re7 22.Nxc6 bxc6
23.b3 Nb6 24.Nb1 Nf5 25.e3 Rec7 26.Nd2 a5 27.Rc5 Nd7 28.Rxa5 c5 29.dxc5 Nxc5
30.b4 Nd3 31.Rxc7 Qxc7 32.Bf1 Qc1 33.Nb3 Qd1 34.Nc5 Nc1 {#R} 0-1

[Event "Oberliga 1994/95"]
[Site "Hessen (Germany)"]
[Round "0"]
[White "Weber Ulrich (GER)"]
[Black "Schneider Heiko (GER)"]
[Result "1-0"]
[WhiteElo "2406"]
[BlackElo "2212"]

1.Nf3 Nf6 2.g3 g6 3.Bg2 Bg7 4.O-O O-O 5.d4 d5 6.Ne5 c6 7.c4 Ng4 8.Nxg4 Bxg4
9.cxd5 cxd5 10.Nc3 Nc6 11.h3 Be6 12.e4 dxe4 13.d5 Bxc3 14.dxc6 Bd4 15.cxb7 Rb8
16.Bxe4 Bxh3 17.Re1 Qb6 18.Qc2 e6 19.Bf4 e5 20.Be3 Rfd8 21.Bxd4 Rxd4 22.Rad1
Rb4 23.b3 a5 24.Rc1 Rxb7 25.Bxb7 Qxb7 26.Qc6 Qxc6 27.Rxc6 a4 28.Rc4 Rxc4
29.bxc4 Be6 30.c5 Bxa2 31.c6 Be6 32.Rxe5 {#r} 1-0

[Event "Ch Hungary (team) 1994/95 (2 liga)"]
[Site "Hungary"]
[Round "0"]
[White "Husek Zdenek (SVK)"]
[Black "Horvath Mario (SVK)"]
[Result "0-1"]
[WhiteElo "2033"]
[BlackElo "2270"]

1.d4 Nf6 2.c4 g6 3.Nf3 Bg7 4.g3 c6 5.Bg2 d5 6.O-O O-O 7.cxd5 cxd5 8.Nc3 Nc6
9.Ne5 Be6 10.Bf4 Rc8 11.h3 Nd7 12.Nxc6 bxc6 13.Qd2 Qb6 14.Rfd1 h5 15.Rac1 Bf5
16.Na4 Qa6 17.b3 e5 18.dxe5 Nxe5 19.Nc5 Qa3 20.Bh6 Rfe8 21.Bxg7 Kxg7 22.f4 Nd7
23.Nxd7 Bxd7 24.e4 Kg8 25.f5 Qd6 26.g4 hxg4 27.hxg4 Qg3 28.fxg6 fxg6 29.exd5
Bxg4 30.Qd3 Re1+ 31.Rxe1 Qxd3 {#R} 0-1

[Event "It (open)"]
[Site "Katowice (Poland)"]
[Round "8"]
[White "Masternak Aleksander (POL)"]
[Black "Czernicki Bogdan (POL)"]
[Result "1-0"]
[WhiteElo "2192"]
[BlackElo "1858"]

1.Nf3 g6 2.g3 Bg7 3.Bg2 Nf6 4.c4 O-O 5.O-O c6 6.d4 d5 7.cxd5 cxd5 8.Nc3 Nc6
9.Ne5 e6 10.f4 Bd7 11.e3 Qe7 12.Bd2 Rfc8 13.g4 a6 14.Be1 Qd6 15.Bg3 Ne8
16.Nxf7 Qb4 17.f5 Ne7 18.fxe6 Bxe6 19.Ng5 Bd7 20.Nxd5 Nxd5 21.Bxd5+ Kh8
22.Nf7+ {#r} 1-0

[Event "Ch City"]
[Site "Madrid (Spain)"]
[Round "11"]
[White "Barez Menendez Hector (ESP)"]
[Black "Enjuto Velasco Roberto (ESP)"]
[Result "1-0"]
[WhiteElo "2250"]
[BlackElo "2203"]

1.Nf3 Nf6 2.c4 g6 3.g3 c6 4.Bg2 Bg7 5.O-O O-O 6.d4 d5 7.cxd5 cxd5 8.Nc3 Ne4
9.Bf4 Nc6 10.Rc1 Bf5 11.Qb3 Na5 12.Qb4 Rc8 13.Nxe4 dxe4 14.Ng5 Nc6 15.Qxb7
Nxd4 16.Rce1 Rc7 17.Qxc7 {#r} 1-0